1221 1317 1808 1849 1640 1153 1475 1350 1680 1249 1179 1834 1436 1116 1126 1036 1324 1992 1801 1863 1999 1810 1856 1282 1681 1173 1876 1277 1988 1631 1053 1462 1020 1510 1294 1263 1390 1765 1232 1782 1578 1772 1963 1767 1442 1065 1064 1874 1982 1908 1758 1567 1243 1393 1379 1388 1131 1411 1208 1044 1575 1146 1637 1725 1404 1894 1803 1309 1793 1522 1879 1129 1069 1103 1718 1929 1257 1932 1095 1512 1288 1662 1866 1138 1674 1831 1569 1561 1501 1916 1813 1512 1919 1964 1100 1513 1881 1480 1145 BCNSPRNW ULIB Ver.6.0+V

เปลี่ยนเป็นภาษาไทย

Change to English
 แสดงรายละเอียดบรรณานุกรม
  กลับหน้าหลัก

Brief Record : Get Marc (ISO 2709) : E-mail record : QR code < ปิดหน้าต่าง
LEADER : 00000nam 2200000uu 4500
001    13399111247
003     ULIB
008    110621s2003||||th 000 0 eng d
020    0323020119
060 04 WY160^bP974m 2003
245 00 Psychiatric mental health nursing /^c[edited by] katherineM. Fortinash, Patricia A. Holoday-Worret
260    St. Louis :^bMosby,^c2003
300    719 p. :^bill. ;^c28 cm.
504    Includes bibliographical references
650  2 Mental Disorders^xnursing
650  2 Psychiatric Nursing
700 1  Fortinash, Katherine M.,^eed.
700 2  Holoday-Worret, Patricia A.,^eed.
945    ^p2285^l0^i016485
995     Kesorn
999 ^a ใช้งานได้ทุกระบบ
รายการนี้ยังไม่มีแท็ก
คุณยังไม่ได้ล็อกอิน คุณสามารถมีกิจกรรมร่วมกับเว็บไซต์ได้ แต่ต้องล็อกอินก่อน ::
  ล็อกอิน

รายการสื่อสารสนเทศ

ลำดับที่ ประเภท เลขเรียก/บาร์โค้ด สถานที่ สถานะ
- ไม่พบข้อมูล -

รายการใกล้เคียง
    หัวเรื่อง [Mental Disorders nursing]
    หัวเรื่อง [Psychiatric Nursing]

BibComment


ยังไม่เคยถูกคอมเมนท์

คอมเมนท์ทรัพยากรรายการนี้
  คอมเมนท์: Psychiatric menta..


 Copyright 2026. Bcnsprnw @Library